<?xml version="1.0" encoding="UTF-8"?>
<record
    xmlns:xsi="http://www.w3.org/2001/XMLSchema-instance"
    xsi:schemaLocation="http://www.loc.gov/MARC21/slim http://www.loc.gov/standards/marcxml/schema/MARC21slim.xsd"
    xmlns="http://www.loc.gov/MARC21/slim">

  <leader>04232nam a2200337 a 4500</leader>
  <controlfield tag="003">OSt</controlfield>
  <controlfield tag="005">20250708144557.0</controlfield>
  <controlfield tag="007">cr ||||||a|c|a</controlfield>
  <controlfield tag="008">240912s2024    mx a|||fom||| 001 0 spa d</controlfield>
  <datafield tag="040" ind1=" " ind2=" ">
    <subfield code="e">rda</subfield>
  </datafield>
  <datafield tag="100" ind1="1" ind2=" ">
    <subfield code="a">Alem&#xE1;n Roque, David</subfield>
    <subfield code="9">189596</subfield>
  </datafield>
  <datafield tag="245" ind1="1" ind2="0">
    <subfield code="a">Caracterizaci&#xF3;n morfol&#xF3;gica de semillas de tillandsia usneoides (L.) L. y tillandsia recurvata (L.) L. /</subfield>
    <subfield code="c">por David Alem&#xE1;n Roque; director de tesis Edna Fabiola Valdez Hern&#xE1;ndez; secretario Rom&#xE1;n S&#xE1;nchez Carrillo; vocal Ma. de Jes&#xFA;s Ju&#xE1;rez Hern&#xE1;ndez; suplente Agust&#xED;n de Jes&#xFA;s L&#xF3;pez Herrera; suplente Ma. Teresa Beryl Colinas Le&#xF3;n.</subfield>
  </datafield>
  <datafield tag="264" ind1=" " ind2="1">
    <subfield code="a">Chapingo, M&#xE9;xico :</subfield>
    <subfield code="b">El autor,</subfield>
    <subfield code="c">2024.</subfield>
  </datafield>
  <datafield tag="300" ind1=" " ind2=" ">
    <subfield code="a">1 recurso en l&#xED;nea (95 p&#xE1;ginas):</subfield>
    <subfield code="b">figuras, cuadros.</subfield>
  </datafield>
  <datafield tag="336" ind1=" " ind2=" ">
    <subfield code="2">rdacontent</subfield>
    <subfield code="a">texto</subfield>
    <subfield code="b">txt</subfield>
  </datafield>
  <datafield tag="337" ind1=" " ind2=" ">
    <subfield code="2">rdamedia</subfield>
    <subfield code="a">computadora</subfield>
    <subfield code="b">c</subfield>
  </datafield>
  <datafield tag="338" ind1=" " ind2=" ">
    <subfield code="2">rdacarrier</subfield>
    <subfield code="a">recurso en l&#xED;nea</subfield>
    <subfield code="b">cr</subfield>
  </datafield>
  <datafield tag="502" ind1=" " ind2=" ">
    <subfield code="b">IAAF</subfield>
    <subfield code="c">Fitotecnia</subfield>
    <subfield code="d">2024.</subfield>
    <subfield code="g">LIC</subfield>
  </datafield>
  <datafield tag="504" ind1=" " ind2=" ">
    <subfield code="a">Incluye referencias bibliogr&#xE1;ficas: p&#xE1;ginas 84-92.</subfield>
  </datafield>
  <datafield tag="520" ind1=" " ind2=" ">
    <subfield code="a">Las bromelias se encuentran distribuidas en gran parte del territorio mexicano lo cual se debe en parte al &#xE9;xito adaptativo que les ha permitido sobrevivir ante factores adversos tanto bi&#xF3;ticos como abi&#xF3;ticos. Tillandsia usneoides (L.) L se caracteriza por ser una ep&#xED;fita colgante con numerosos tricomas peltados que le permiten obtener agua y nutrientes del ambiente, adem&#xE1;s de ser una especie muy utilizada para adornar los nacimientos durante la &#xE9;poca navide&#xF1;a, utilizada en medicina, actualmente estudiada como bioindicador para evaluar la calidad del aire y tambi&#xE9;n es usada como planta ornamental. Por su parte Tillandsia recurvata (L.) L. de igual modo es una epifita que se ha diversificado desde el sur de Estados Unidos hasta Argentina, encontr&#xE1;ndose distribuida en gran parte de M&#xE9;xico, algunos autores la consideran una planta par&#xE1;sita, aunque a&#xFA;n no hay suficientes estudios que demuestren la interacci&#xF3;n fisiol&#xF3;gica que desarrolla con sus hospederos; entre los usos m&#xE1;s comunes destacan el ornamental, medicinal, forrajero, sustrato org&#xE1;nico y como bioindicador de la contaminaci&#xF3;n ambiental. El objetivo de este trabajo fue describir y comparar las caracter&#xED;sticas morfol&#xF3;gicas de las semillas de T. usneoides y T. recurvata, as&#xED; como observar su comportamiento al someterlas a pruebas de viabilidad. En cuanto a la metodolog&#xED;a se determin&#xF3; el color de la cubierta seminal y de coma (ap&#xE9;ndice plumoso), posteriormente se obtuvo el peso de 500 semillas, se determin&#xF3; la longitud de semilla y coma, tambi&#xE9;n se obtuvo tanto el ancho como al &#xE1;rea superficial de las semillas, con base a la longitud de la semilla se formaron grupos a los cuales se les realiz&#xF3; una prueba de viabilidad con sales de tetrazolio y otra de germinaci&#xF3;n para identificar su posible efecto en la germinaci&#xF3;n ex vitro. Para presentar e interpretar los resultados se utiliz&#xF3; estad&#xED;stica descriptiva; se observ&#xF3; que el color de la cubierta seminal como de la coma en ambas especies es similar, mientras que el valor promedio de la longitud de las semillas es mayor para T. usneoides (3.17 mm) y menor para T. recurvata (2.96 mm), respecto al peso T. usneoides present&#xF3; un promedio 30.38 mg y T. recurvata 14.68 mg. La viabilidad con la prueba de tetrazolio fue baja para ambas especies, con 43.4 % en semillas de T. usneoides y 27.8 % de T. recurvata. Con respecto a la germinaci&#xF3;n T. usneoides present&#xF3; 25.8 % y T. recurvata 10.8 %, pero en ambas especies las semillas que presentaron el mayor porcentaje de germinaci&#xF3;n fueron las que conservaron la coma.</subfield>
  </datafield>
  <datafield tag="650" ind1=" " ind2="7">
    <subfield code="a">Tillandsia usneoides</subfield>
    <subfield code="z">Fisiolog&#xED;a y morfolog&#xED;a</subfield>
    <subfield code="2"></subfield>
    <subfield code="9">189597</subfield>
  </datafield>
  <datafield tag="650" ind1=" " ind2="4">
    <subfield code="a">Semillas</subfield>
    <subfield code="x">Germinaci&#xF3;n</subfield>
    <subfield code="9">103903</subfield>
  </datafield>
  <datafield tag="650" ind1=" " ind2="4">
    <subfield code="a">Semillas</subfield>
    <subfield code="x">Viabilidad</subfield>
    <subfield code="9">103933</subfield>
  </datafield>
  <datafield tag="700" ind1="1" ind2=" ">
    <subfield code="a">Valdez Hern&#xE1;ndez, Edna Fabiola</subfield>
    <subfield code="9">117278</subfield>
    <subfield code="e">Director de tesis.</subfield>
  </datafield>
  <datafield tag="700" ind1="1" ind2=" ">
    <subfield code="a">S&#xE1;nchez Carrillo, Rom&#xE1;n</subfield>
    <subfield code="9">107405</subfield>
    <subfield code="e">Secretario.</subfield>
  </datafield>
  <datafield tag="700" ind1="1" ind2=" ">
    <subfield code="a">Ju&#xE1;rez Hern&#xE1;ndez, Ma. de Jes&#xFA;s</subfield>
    <subfield code="9">62426</subfield>
    <subfield code="e">Vocal.</subfield>
  </datafield>
  <datafield tag="700" ind1="1" ind2=" ">
    <subfield code="a">L&#xF3;pez Herrera, Agust&#xED;n de Jes&#xFA;s</subfield>
    <subfield code="9">67981</subfield>
    <subfield code="e">Suplente.</subfield>
  </datafield>
  <datafield tag="700" ind1="1" ind2=" ">
    <subfield code="a">Colinas Le&#xF3;n, Ma. Teresa Beryl</subfield>
    <subfield code="9">157162</subfield>
    <subfield code="e">Suplente.</subfield>
  </datafield>
  <datafield tag="856" ind1=" " ind2=" ">
    <subfield code="u">http://10.13.5.2/tesis/tl/1810061-9_ALEMAN_ROQUE_DAVID.pdf</subfield>
    <subfield code="z">DESCARGAR PDF</subfield>
  </datafield>
  <datafield tag="942" ind1=" " ind2=" ">
    <subfield code="2">Clasificaci&#xF3;n Universidad Aut&#xF3;noma Chapingo</subfield>
    <subfield code="c">TD</subfield>
  </datafield>
  <datafield tag="999" ind1=" " ind2=" ">
    <subfield code="c">220161</subfield>
    <subfield code="d">220161</subfield>
  </datafield>
  <datafield tag="952" ind1=" " ind2=" ">
    <subfield code="0">0</subfield>
    <subfield code="1">0</subfield>
    <subfield code="2">local</subfield>
    <subfield code="4">0</subfield>
    <subfield code="5">1</subfield>
    <subfield code="7">0</subfield>
    <subfield code="8">TesDigL</subfield>
    <subfield code="a">BD</subfield>
    <subfield code="b">BD</subfield>
    <subfield code="c">E_L</subfield>
    <subfield code="d">2024-09-12</subfield>
    <subfield code="l">0</subfield>
    <subfield code="o">Tesis digital</subfield>
    <subfield code="r">2024-09-12 14:04:31</subfield>
    <subfield code="w">2024-09-12</subfield>
    <subfield code="y">TD</subfield>
  </datafield>
</record>
